Buen viaje [juego] /

Guardado en:
Formato: Objeto Físico
Publicado: Argentina : Antex andina, , [199?]
Materias:
Etiquetas: Agregar Etiqueta
Sin Etiquetas, Sea el primero en etiquetar este registro!
LEADER 00860nrm a22001575g 4500
001 CEM.cems019160
008 130507b199?##################0###0#####d
005 20220829190531.0
003 CEMS
245 0 0 |a Buen viaje [juego] /  |c Antex, Ravensburger 
260 |a Argentina :  |b Antex andina,  |c , [199?] 
300 |a 1 juego (1 tablero, 65 p.ostales de ciudades, 13 carnets de viaje, 6 p.eones, 2 dados, dinero en efectivo) ; en caja 43 x 30 x 6 cm. + manual de instrucciones 
500 |a Para 2 a 6 jugadores a partir de 6 años objetivo:se trata de realizar un viaje por el mundo, pasando por las cinco localidades indicadas en un carnet de viaje escogido al azar y regresando al punto de partida, una ciudad española elegida por el propio jugador. 
082 0 4 |a J793.9 
653 |a 1. juegos de negocios y finanzas 
859 |a CEMS  |b BIB. CEMS - Ludoteca  |h J793.9  |i An86  |p 064.92  |t Ej.1